00496nam a2200085Ia 4500008004100000245002400041300027700065650001600342856005200358170517s9999 xx 000 0 und d 4aThe Beautiful Truth aRaised on a wildlife reserve in Alaska, 15-year old Garrett was interested in the dietary habits of their animals. After the tragic death of his mother, Garrett s father decided to home-school his son and assigned a book written by Dr. Max Gerson that proposes a direct... xTechnology. uhttp://topdocumentaryfilms.com/beautiful-truth/